LEADER 01380nam 2200385 a 450 001 9910690356803321 005 20020409134918.0 035 $a(CKB)5470000002337724 035 $a(OCoLC)49544765 035 9 $aocm49544765 035 $a(OCoLC)995470000002337724 035 $a(EXLCZ)995470000002337724 100 $a20020409d1998 ua 0 101 0 $aeng 135 $auran|||||| 181 $ctxt$2rdacontent 182 $cc$2rdamedia 183 $acr$2rdacarrier 200 10$aFinancial management$b[electronic resource] $eseven DOD initiatives that affect the contract payment process : report to the Ranking Minority Member, Committee on Governmental Affairs, U.S. Senate /$fUnited States General Accounting Office 210 1$aWashington, D.C. (P.O. Box 37050, Washington 20013) :$cThe Office,$d[1998] 300 $a"B-274829"--P. 1. 300 $a"GAO/AIMD-98-40." 300 $a"January 1998." 300 $aPaper version available from the General Accounting Office. 300 $aTitle from title screen. 320 $aIncludes bibliographical references. 517 $aFinancial management 606 $aDefense contracts$zUnited States$xAccounting 615 0$aDefense contracts$xAccounting. 801 0$bGPO 801 1$bGPO 906 $aBOOK 912 $a9910690356803321 996 $aFinancial Management$9424135 997 $aUNINA